LIBRARY & INFORMATION CENTRE, KCAET, TAVANUR

ONLINE PUBLIC ACCESS CATALOGUE (OPAC)

MCSE: | Networking Essentials Study Guide (Record no. 19428)

MARC details
000 -LEADER
fixed length control field 00505nam a22001937a 4500
003 - CONTROL NUMBER IDENTIFIER
control field OSt
008 - FIXED-LENGTH DATA ELEMENTS--GENERAL INFORMATION
fixed length control field 250221b |||||||| |||| 00| 0 eng d
020 ## - INTERNATIONAL STANDARD BOOK NUMBER
ISBN 81-7029-980-2
041 ## - LANGUAGE CODE
Language code of text/sound track or separate title eng
082 ## - DEWEY DECIMAL CLASSIFICATION NUMBER
Classification number 004.6
Item number CHE/MC
100 ## - MAIN ENTRY--AUTHOR NAME
Personal name Chellis, James
245 ## - TITLE STATEMENT
Title MCSE:
Remainder of title Networking Essentials Study Guide
250 ## - EDITION STATEMENT
Edition statement 2nd and 1st Indian
260 ## - PUBLICATION, DISTRIBUTION, ETC. (IMPRINT)
Place of publication New Delhi:
Name of publisher BPB Publications,
Year of publication 1998 .
300 ## - PHYSICAL DESCRIPTION
Number of Pages 683p.
700 ## - ADDED ENTRY--PERSONAL NAME
Personal name Perkins, Charles
700 ## - ADDED ENTRY--PERSONAL NAME
Personal name Strebe, Mathew
942 ## - ADDED ENTRY ELEMENTS (KOHA)
Koha item type Books
Holdings
Withdrawn status Lost status Damaged status Home library Current library Date acquired Source of acquisition Cost, normal purchase price Full call number Accession Number Koha item type
      KAUAET KAUAET 21/02/2025 Punima Book Distributors, Bangalore 450.00 004.6 CHE/MC 20422 Books
free website counter